000 00679nam a22002411 4500
001 16584
003 BD-RjUL
005 20211209000028.0
008 140215s1964 njua 001 0 eng
035 _a(BD-RjUL)16639
040 _aDLC
_cDLC
_dDLC
_dBD-RjUL
_beng
041 _aeng
082 0 0 _a796.323
_bBUB 1964
100 1 _aBunn, John William,
_d1898-
_950909
245 1 0 _aBasketball techniques and team play /
_cJohn W. Bunn.
260 _aEnglewood Cliffs, N.J. :
_bPrentice-Hall,
_c1964.
300 _axvi, 263 p. :
_billus. ;
_c22 cm.
504 _aIncludes index.
650 0 _aBasketball.
_9674
942 _2ddc
_cBK
999 _c16584
_d16584